000 00308 a2200145 4500
001 156245
040 _cEscola São Tomás de Aquino
100 _aWILLIAMS, Sam
240 1 0 _aDiga paz
_lpor
245 1 0 _aDiga paz
362 0 _a2015
440 1 _aScipione
697 _a*LITERATURA INFANTIL
942 _cBK
999 _c156245
_d156245